| 000 | 00596nam a2200229Ia 4500 | ||
|---|---|---|---|
| 008 | 180620s9999 xx 000 0 und d | ||
| 020 | _a0-86288-146-3 | ||
| 050 | _aREF GV 1768 | ||
| 050 | _b.F47 1997 | ||
| 100 | _aFernandez, Angelique. | ||
| 245 | 0 | _aLine dancing / | |
| 245 | 0 | _cAngelique Fernandez & Karen Farrington. | |
| 250 | _aGreenwich Ed. | ||
| 260 | _aLondon : | ||
| 260 | _bPromotional Reprint Comp., Ltd., | ||
| 260 | _c1979 | ||
| 300 | _a64 pages : | ||
| 300 | _bcolored illustrations ; | ||
| 300 | _c29 cm. | ||
| 650 | _aLine dancing. | ||
| 650 | _xCountry music. | ||
| 999 |
_c358003 _d358003 |
||